Microeconomía intermedia y sus aplicaciones

Wedi'i Gadw mewn:
Manylion Llyfryddiaeth
Prif Awdur: Nicholson, Walter (autor)
Fformat: Llyfr
Iaith:Sbaeneg
Cyhoeddwyd: Bogotá McGraw Hill Interamericana 2001
Rhifyn:8a. ed
Pynciau:
Tagiau: Ychwanegu Tag
Dim Tagiau, Byddwch y cyntaf i dagio'r cofnod hwn!

MARC

LEADER 00000nam a2200000 a 4500
001 UCM5425
003 CL-VaPUC
008 021011e20010000CK |||||||||||||||||spa|d
082 0 4 |a 338.5  |b NIC  |2 21 
100 |a Nicholson, Walter  |e autor  |9 417065 
245 1 0 |a Microeconomía intermedia y sus aplicaciones 
250 |a 8a. ed 
300 |a 615 p 
942 |c BK 
945 |d 20021011 00:00:00  |a vberengu 
260 |a Bogotá  |b McGraw Hill Interamericana  |c 2001 
650 0 |a Economía   |9 255568 
650 0 |a Microeconomía  |9 258126 
650 0 |a Oferta y demanda  |9 255571 
650 0 |a Precios   |9 260787 
650 0 |a Mercado  |9 321497 
583 |a last modification  |c 20021011 00:00:00  |k Rodrigo Vera 
999 |c 301491  |d 301489 
952 |0 0  |1 0  |4 0  |6 338_500000000000000_NIC_2001  |7 0  |8 A  |9 360526  |a BIBENE  |b BIBENE  |d 2019-11-21  |i 3845516  |o 338.5 NIC 2001  |p 3845516  |r 2025-01-15  |w 2019-11-21  |y BK  |k ICO 
952 |0 0  |1 0  |4 0  |6 338_500000000000000_NIC_2001  |7 0  |8 A  |9 360527  |a BIBENE  |b BIBENE  |d 2019-11-21  |i 3913287  |o 338.5 NIC 2001  |p 3913287  |r 2025-01-15  |w 2019-11-21  |y BK  |k ICO 
952 |0 0  |1 0  |4 0  |6 338_500000000000000_NIC_2001  |7 0  |8 A  |9 360528  |a BIBENE  |b BIBENE  |d 2019-11-21  |i 3913295  |o 338.5 NIC 2001  |p 3913295  |r 2025-01-15  |w 2019-11-21  |y BK  |k ICO 
952 |0 0  |1 0  |4 0  |6 338_500000000000000_NIC_2001  |7 0  |8 A  |9 360529  |a BIBENE  |b BIBENE  |d 2019-11-21  |i 3913309  |l 1  |o 338.5 NIC 2001  |p 3913309  |r 2025-01-15  |s 2022-03-28  |w 2019-11-21  |y BK  |k ICO 
952 |0 0  |1 0  |4 0  |6 338_500000000000000_NIC_2001  |7 0  |8 A  |9 360530  |a BIBENE  |b BIBENE  |d 2019-11-21  |i 3913317  |o 338.5 NIC 2001  |p 3913317  |r 2025-01-15  |w 2019-11-21  |y BK  |k ICO 
952 |0 0  |1 0  |4 0  |6 338_500000000000000_NIC_2001  |7 0  |8 A  |9 360531  |a BIBENE  |b BIBENE  |d 2019-11-21  |i 3913325  |o 338.5 NIC 2001  |p 3913325  |r 2025-01-15  |w 2019-11-21  |y BK  |k ICO